Disney, DreamWorks ou Pixar ? - Statistiques

Statistiques générales
  • Ce quiz a été pris 2 242 fois
  • Le résultat moyen est 15 sur 20
Statistiques - réponses
Hint Réponse % Correct
Mulan Disney
98%
Pocahontas Disney
94%
Kung Fu Panda DreamWorks
94%
Vaiana Disney
91%
Lilo & Stitch Disney
88%
Dragons (How to Train Your Dragon) DreamWorks
86%
Fantasia Disney
85%
Le Chat potté DreamWorks
83%
Gang de requins DreamWorks
78%
Encanto Disney
75%
Cars Pixar
74%
Les Indestructibles Pixar
71%
Vice Versa Pixar
69%
Spirit, l'étalon des plaines DreamWorks
68%
Baby Boss DreamWorks
68%
Zootopie Disney
63%
Wall-E Pixar
58%
La Route d'Eldorado DreamWorks
54%
Elio Pixar
42%
Ratatouille Pixar
38%
Aucun quiz correspondant
Distribution des résultats
% des personnes avec chaque résultat
Percentile par nombre de réponses
Votre historique - résultats
Vous n’avez pas pris ce quiz